000 00240nam a2200097Ia 4500
008 240331s9999 xx 000 0 und d
082 _bTWO
100 _aMuthiah,W. ed
245 0 _aTwo languages one nation one language two nations
942 _cL
999 _c4519
_d4519